| 000 | 01006nam a2200217Ia 4500 | ||
|---|---|---|---|
| 999 |
_c4795 _d4795 |
||
| 003 | OSt | ||
| 005 | 20200513123308.0 | ||
| 008 | 191128s1987 ck gr 000 0 spa d | ||
| 040 |
_aCO-JMCR _cCO-JMCR |
||
| 041 | _aspa | ||
| 082 | 0 | 4 |
_a307.14861 / _bC646p _223 |
| 110 | 1 |
_aPresidencia de la República _94255 |
|
| 245 | 1 | 0 |
_aPlan de lucha contra la pobreza absoluta y para la generación de empleo : _bprograma de asentamientos humanos la política / _cPresidencia de la República |
| 260 |
_aBogotá : _bPresidencia de la República, _c1987 |
||
| 300 |
_a131 páginas ; _c23 cm. |
||
| 505 | _aLa cuestión regional urbana -- Las necesidades de espacio y las metas en el programa de asentamientos humanos -- La estructura organizativa del programa de asentamientos humanos -- Caracterización de los subprogramas, acciones y proyectos | ||
| 650 | 1 | 4 |
_aPobreza _zColombia _94256 |
| 650 | 2 | 4 |
_aCondiciones económicas _zColombia _94257 |
| 651 | 2 | 4 |
_2Condiciones sociales _zColombia _94258 |
| 942 |
_2ddc _cBK |
||